| Tag |
First Indicator |
Second Indicator |
Subfields |
| LEADER |
00000nam a2200000 4500 |
| 001 |
in00004208321 |
| 005 |
20200807080524.0 |
| 006 |
m g d |
| 007 |
cr bn |||a|bb| |
| 008 |
920124s1621 enk o 00| | eng d |
| 035 |
|
|
|a (UnM)99849060
|
| 037 |
|
|
|a CL0036000042
|b ProQuest. 789 E. Eisenhower Parkway, Ann Arbor, MI 48108-3218
|
| 040 |
|
|
|a Cu-RivES
|c Cu-RivES
|d CStRLIN
|e dcrb
|d WaOLN
|
| 100 |
1 |
|
|a Gerhard, Johann,
|d 1582-1637.
|
| 240 |
1 |
0 |
|a Meditationes sacrae.
|l English
|
| 245 |
0 |
4 |
|a The soules vvatch: or, a day-booke for the deuout soule :
|b Consisting of 52. heauenly meditations, and diuers godly prayers, fitted to all the dayes of the weeke. Being holy exercises for a sanctified conuersation and spirituall riches for the inward man. By Iohn Gerhard Dr of Diuinitie, and superintendent of Heldburge. Englished by R.B. With the Lords Prayer expounded by him.
|
| 246 |
2 |
|
|a Meditationes sacrae.
|
| 246 |
2 |
|
|a Christian mans weekes worke.
|
| 246 |
2 |
|
|a Soules watch: or, a day-booke for the devout soule.
|
| 246 |
2 |
|
|a Day-booke for the devout soule.
|
| 250 |
|
|
|a The third edition.
|
| 260 |
|
|
|a Lo[n]don :
|b Printed [by G. Purslowe] for R. Iackson,
|c 1621.
|
| 300 |
|
|
|a 1 online resource ([24], 512 [id est 502] pages)
|
| 336 |
|
|
|a text
|b txt
|2 rdacontent
|
| 337 |
|
|
|a computer
|b c
|2 rdamedia
|
| 338 |
|
|
|a online resource
|b cr
|2 rdacarrier
|
| 500 |
|
|
|a A translation, in a different order, of: Meditationes sacrae.
|
| 500 |
|
|
|a An edition of: A Christian mans weekes worke.
|
| 500 |
|
|
|a R. B. = Richard Bruch.
|
| 500 |
|
|
|a Actual printer's name from STC.
|
| 500 |
|
|
|a P. 502 misnumbered 512.
|
| 500 |
|
|
|a Reproduction of the original in the Union Theological Seminary (New York, N.Y.). Library.
|
| 510 |
4 |
|
|a STC (2nd edition)
|c 11766.
|
| 533 |
|
|
|a Electronic reproduction.
|b Ann Arbor, Mich. :
|c UMI,
|d 1999-
|f (Early English books online)
|n Digital version of: (Early English books, 1475-1640 ; 1519:05)
|7 s1999 miun s
|
| 650 |
|
0 |
|a Meditations
|v Early works to 1800.
|
| 700 |
1 |
|
|a Bruch, Richard,
|c minister of Gods word.
|
| 830 |
|
0 |
|a Early English books online.
|
| 856 |
4 |
0 |
|u http://proxy.library.tamu.edu/login?url=https://search.proquest.com/docview/2248565998
|z Connect to the full text of this electronic book
|t 0
|
| 999 |
f |
f |
|s fb6dc255-9139-30a9-a1c3-858d294e0f89
|i 95952c8a-c81d-377f-9d27-b3be3ca90f18
|t 0
|
| 952 |
f |
f |
|a Texas A&M University
|b College Station
|c Electronic Resources
|d Available Online
|t 0
|h No information provided
|
| 998 |
f |
f |
|t 0
|l Available Online
|